Zahraniční obchod v roce 1995. 3

Harmonizovaný systém popisu a kódovania tovaru (položky colného sadzobníka), podľa ktorého sa triedi tovar vo vývoze a dovoze. Iné členenie tovaru - z hľadiska použitia dovážaných produktov alebo z hľadiska stupňa spracovania vyvážaného a dovážaného tovaru.

Na minha lista:
Detalhes bibliográficos
Autor principal: Straka, M.
Formato: Capítulo de Livro
Idioma:tcheco
Assuntos:
Tags: Adicionar Tag
Sem tags, seja o primeiro a adicionar uma tag!

MARC

LEADER 00000naa a2200000 4500
001 r021203
005 20230908093130.0
041 0 |a cze 
044 |a CZ 
245 1 0 |a Zahraniční obchod v roce 1995. 3  |c M. Straka 
520 |a Harmonizovaný systém popisu a kódovania tovaru (položky colného sadzobníka), podľa ktorého sa triedi tovar vo vývoze a dovoze. Iné členenie tovaru - z hľadiska použitia dovážaných produktov alebo z hľadiska stupňa spracovania vyvážaného a dovážaného tovaru. 
610 2 0 |a obchod zahraničný 
610 2 0 |a vývoz 
610 2 0 |a dovoz 
610 2 0 |a bilancia obchodná 
610 2 0 |a Česko 
610 2 0 |a 1995 
610 2 0 |a údaje štatistické 
100 1 |a Straka, M.